20 ciudades más pobladas de Cataluña - Estadísticas

Estadísticas generales
  • Esta prueba ha sido intentada 462 veces
  • La puntuación promedio es 13 de 20
Estadísticas de respuestas
Hint Respuesta % Correcto
Barcelona
100%
Girona
96%
Lleida
95%
Tarragona
95%
L'Hospitalet de Llobregat
93%
Badalona
86%
Sabadell
85%
Terrassa
79%
Reus
75%
Mataró
73%
Manresa
67%
Santa Coloma de Gramanet
59%
Cornellà de Llobregat
56%
Sant Cugat del Vallès
50%
El Prat de Llobregat
48%
Rubí
46%
Sant Boi de Llobregat
42%
Castelldefels
41%
Vilanova i la Geltrú
38%
Viladecans
26%
No se encontraron pruebas coincidentes
Distribución de puntuación
Porcentaje de gente con cada puntuación
Porcentaje por número respondido
Historial de tus puntuaciones
No has intentado esta prueba.